| 000 | 01103cam a2200241 4500 | ||
|---|---|---|---|
| 001 | L129476 | ||
| 008 | 110922n2005 000 0 eng u | ||
| 020 | _a0110727959 | ||
| 035 | _a(Sirsi) u129476 | ||
| 041 | _aeng | ||
| 050 |
_a725.54 _c18 |
||
| 245 | _aDisability Discrimination (Providers of Services) (Adjustment of Premises) (Amendment) Regulations 2005 | ||
| 260 |
_aLondon _bHMSO _c2005 |
||
| 490 |
_aSI _v2005: 1121 |
||
| 520 | _aCome into force 1 May 2005. | ||
| 650 | _aDISABILITY DISCRIMINATION (PROVIDERS OF SERVICES) (ADJUSTMENT OF PREMISES) (AMENDMENT) REGULATIONS 2005 | ||
| 650 | _aDISABILITY DISCRIMINATION (PROVIDERS OF SERVICES) (ADJUSTMENT OF PREMISES) REGULATIONS 2001 | ||
| 650 | _aDISABILITY DISCRIMINATION ACT 1995 | ||
| 690 | _aMANAGEMENT-BUSINESS MANAGEMENT-DISCRIMINATION-DISABILITY DISCRIMINATION-ACCESSIBILITY | ||
| 690 | _aBUILT ENVIRONMENT-BUILDING MAINTENANCE AND REFURBISHMENT-BUILDING ADAPTATION | ||
| 856 |
_uhttps://www.legislation.gov.uk/uksi/2005/1121/pdfs/uksi_20051121_en.pdf _zView this item free of charge at www.legislation.gov.uk |
||
| 942 | _n0 | ||
| 999 |
_c104209 _d104209 |
||